<?xml version="1.0" encoding="UTF-8"?><?xml-stylesheet type="text/xsl" href="static/style.xsl"?><OAI-PMH xmlns="http://www.openarchives.org/OAI/2.0/" xmlns:xsi="http://www.w3.org/2001/XMLSchema-instance" xsi:schemaLocation="http://www.openarchives.org/OAI/2.0/ http://www.openarchives.org/OAI/2.0/OAI-PMH.xsd"><responseDate>2026-04-18T06:56:29Z</responseDate><request verb="GetRecord" identifier="oai:www.recercat.cat:2117/329602" metadataPrefix="marc">https://recercat.cat/oai/request</request><GetRecord><record><header><identifier>oai:recercat.cat:2117/329602</identifier><datestamp>2025-07-24T18:06:38Z</datestamp><setSpec>com_2072_1033</setSpec><setSpec>col_2072_452951</setSpec></header><metadata><record xmlns="http://www.loc.gov/MARC21/slim" xmlns:dcterms="http://purl.org/dc/terms/" xmlns:xsi="http://www.w3.org/2001/XMLSchema-instance" xmlns:doc="http://www.lyncode.com/xoai" xsi:schemaLocation="http://www.loc.gov/MARC21/slim http://www.loc.gov/standards/marcxml/schema/MARC21slim.xsd">
   <leader>00925njm 22002777a 4500</leader>
   <datafield ind2=" " ind1=" " tag="042">
      <subfield code="a">dc</subfield>
   </datafield>
   <datafield ind2=" " ind1=" " tag="720">
      <subfield code="a">Gómez Llanas, José Ma.</subfield>
      <subfield code="e">author</subfield>
   </datafield>
   <datafield ind2=" " ind1=" " tag="260">
      <subfield code="c">2007</subfield>
   </datafield>
   <datafield ind2=" " ind1=" " tag="520">
      <subfield code="a">Les valls d’Àneu, en la comarca del Pallars Sobirà (Lleida), són un marc geogràfic i cultural singular en el que s’hi aplega un conjunt molt important de monuments i representacions artístiques alt medievals.&#xd;
La vall de la Noguera d’Àneu és la més occidental de les tres valls de l’Alt Pallars Sobirà i, en una extensió de 373 Km2, es troben inventariats trenta-cinc temples d’origen pre-romànic i romànic amb advocacions d’origen alt medieval. A més, també queden restes de construccions civils com els ponts i els camins, castells, torres de guaita i fortificacions que converteixen el territori en un focus d’atracció cultural que creiem cal potenciar.&#xd;
La situació actual de creixement en aquestes àrees pirinenques sovint es vincula amb promocions immobiliàries i propostes d’un turisme anomenat “d’aventura” que, malauradament, no van acompanyades d’intervencions culturals que serveixin per a recuperar i revaluar el patrimoni.&#xd;
La nostra proposta pel Treball Final de Carrera d’Arquitectura Tècnica té com a objectiu principal col·laborar amb el Consell Cultural de les Valls d’Àneu a difondre l’important patrimoni artístic i cultural de que disposa aquest territori i que es pot conèixer fent una visita al Museu Nacional d’Art de Catalunya, MNAC, contemplant el recull de pintures murals que provenen d’aquestes valls.</subfield>
   </datafield>
   <datafield tag="653" ind2=" " ind1=" ">
      <subfield code="a">Àrees temàtiques de la UPC::Arquitectura::Sistemes de representació arquitectònica</subfield>
   </datafield>
   <datafield tag="653" ind2=" " ind1=" ">
      <subfield code="a">Architectural surveys</subfield>
   </datafield>
   <datafield tag="653" ind2=" " ind1=" ">
      <subfield code="a">Surveys</subfield>
   </datafield>
   <datafield tag="653" ind2=" " ind1=" ">
      <subfield code="a">Castles</subfield>
   </datafield>
   <datafield tag="653" ind2=" " ind1=" ">
      <subfield code="a">Architecture, Romanesque</subfield>
   </datafield>
   <datafield tag="653" ind2=" " ind1=" ">
      <subfield code="a">Religious architecture</subfield>
   </datafield>
   <datafield tag="653" ind2=" " ind1=" ">
      <subfield code="a">Aixecaments arquitectònics</subfield>
   </datafield>
   <datafield tag="653" ind2=" " ind1=" ">
      <subfield code="a">Arquitectura romànica -- Vall d'Àneu (Catalunya)</subfield>
   </datafield>
   <datafield tag="653" ind2=" " ind1=" ">
      <subfield code="a">Àneu, Vall d' (Catalunya)</subfield>
   </datafield>
   <datafield tag="653" ind2=" " ind1=" ">
      <subfield code="a">Església de Sant Serni de Baiasca (Baiasca, Catalunya)</subfield>
   </datafield>
   <datafield tag="653" ind2=" " ind1=" ">
      <subfield code="a">Arquitectura romànica -- Catalunya -- Baiasca</subfield>
   </datafield>
   <datafield tag="653" ind2=" " ind1=" ">
      <subfield code="a">Arquitectura religiosa -- Catalunya -- Baiasca</subfield>
   </datafield>
   <datafield tag="653" ind2=" " ind1=" ">
      <subfield code="a">Esglésies -- Catalunya -- Baiasca</subfield>
   </datafield>
   <datafield tag="653" ind2=" " ind1=" ">
      <subfield code="a">Church buildings</subfield>
   </datafield>
   <datafield tag="653" ind2=" " ind1=" ">
      <subfield code="a">Església de Sant Bartomeu de Baiasca (Baiasca, Catalunya)</subfield>
   </datafield>
   <datafield tag="653" ind2=" " ind1=" ">
      <subfield code="a">Castell de Llort (Llort, Catalunya)</subfield>
   </datafield>
   <datafield ind2="0" ind1="0" tag="245">
      <subfield code="a">Aixecament planimètric de la Vall d'Àneu: Sant Serni de Baiasca, Sant Bartolomeu de Baiasca i Castell de Llort</subfield>
   </datafield>
</record></metadata></record></GetRecord></OAI-PMH>